000 00331nam a22001337a 4500
008 170307b xxu||||| |||| 00| 0 eng d
020 _a9780805373400
041 _aeng
080 _23RD
_a611
100 _a6
101 _aSHM
245 _aESEENTIALS OF HUMAN ANATOMY & PHYSIOLOGY LABORATORY MANUAL
_cMARIEB, E.N
942 _2udc
_cBK
999 _c6977
_d6977